| 000 | 00677nam a22002055i 4500 | ||
|---|---|---|---|
| 001 | 54891 | ||
| 003 | ES-MaACL | ||
| 005 | 20250808232830.0 | ||
| 007 | t| | ||
| 008 | 960730s1853 it ||||1| ita d | ||
| 040 |
_aCAM _bspa _cCAM |
||
| 100 | 1 |
_aGans, Eduardo. _953877 |
|
| 245 | 1 | 3 |
_aIl dritto di succesione nella storia italiana _b: notizie storiche / _ctratte dall'opera di E. Gans ...; e tradotte da A. Turchiarulo. |
| 260 |
_aNapoli : _bGiovanni Pedone Lauriel, _c1853. |
||
| 300 |
_aXV, 127 p. ; _c24 cm. |
||
| 650 | 7 |
_aHerencias y sucesiones _2embne _9135883 |
|
| 700 | 1 |
_aTurchiarulo, Antonio. _9133415 |
|
| 852 |
_aES-MaACL _jT-254-F-7 |
||
| 999 |
_c54891 _d54891 |
||